Statistics for Countries with Same Set of Bordering Countries

Click here to take the quiz!

General Stats

  • This quiz has been taken 46 times
  • The average score is 5 of 8

Answer Stats

COUNTRIES % Correct
Bhutan
75%
Nepal
75%
San Marino
67%
Vatican City
67%
Papua New Guinea
47%
East Timor
44%
Luxembourg
42%
Netherlands
42%

Score Distribution

Percentile by Number Answered

Percent of People with Each Score

Your Score History

You have not taken this quiz